Concepción contra Chile: consensos y tensiones regionales en la Patria Vieja -1808-1811

Salvato in:
Dettagli Bibliografici
Autore principale: Cartes Montory, Armando (Autore)
Natura: Libro
Lingua:spagnolo
Pubblicazione: Santiago Centro de Estudios Bicentenario 2010
Soggetti:
Tags: Aggiungi Tag
Nessun Tag, puoi essere il primo ad aggiungerne!!

MARC

LEADER 00000cam a2200000 a 4500
001 UCG4465
003 CL-VaPUC
008 101104e20100000CL |||||||||||||||||spa|d
020 |a 9789568979003 
082 0 4 |a 983.43  |b CAR  |2 21 
100 0 |a Cartes Montory, Armando  |e author  |9 553756 
245 1 0 |a Concepción contra Chile: consensos y tensiones regionales en la Patria Vieja -1808-1811 
300 |a 259 p 
942 |c BK 
945 |d 20101104 00:00:00  |a mfarfan 
260 |a Santiago  |b Centro de Estudios Bicentenario  |c 2010 
650 0 |a Historia de Chile   |9 322385 
650 0 |a Patria Vieja  |9 380238 
651 0 |a Concepción  |9 254982 
583 |a last modification  |c 20160829 04:51:28  |k Rodrigo Vera 
999 |c 343169  |d 343167 
952 |0 0  |1 0  |4 0  |6 983_430000000000000_CAR_2010  |7 0  |8 A  |9 440241  |a BIBHIS  |b BIBHIS  |d 2019-11-22  |i 4731190  |o 983.43 CAR 2010  |p 4731190  |r 2025-01-20  |w 2019-11-22  |y BK  |k HIS 
952 |0 0  |1 0  |4 0  |6 983_430000000000000_CAR_2010  |7 0  |8 A  |9 440242  |a BIBDER  |b BIBDER  |d 2019-11-22  |i 4982606  |o 983.43 CAR 2010  |p 4982606  |r 2023-01-25  |w 2019-11-22  |y BK  |k DER